Daily Quiz #14 - Statistics

General Stats
  • This quiz has been taken 24 times
  • The average score is 5 of 5
Answer Stats
Hint Answer % Correct
What mountain range, that includes Mt Everest, is the tallest in the world? Himalayas
95%
Which of the Great Lakes is the biggest? Lake Superior
95%
What is the capital of Canada? Ottawa
95%
Who painted the Sistine Chapel? Michelangelo
86%
What team did LeBron James start his career with? Cleveland Cavaliers
77%
No matching quizzes found
Score Distribution
Percent of People with Each Score
Percentile by Number Answered
Your Score History
You have not taken this quiz